| 000 | 00590nam a2200205Ii 4500 | ||
|---|---|---|---|
| 001 | 2434 | ||
| 003 | CO-ViMGA | ||
| 008 | 241108s9999||||xx |||||||||||||| ||und|| | ||
| 040 |
_aCO-ViMGA _bspa _erda _cCO-ViMGA |
||
| 041 | 0 | _aspa | |
| 082 | 0 | 4 | _aV863.6 - U75o |
| 100 | 1 |
_aArturo Urlar Pietri _945032 |
|
| 245 | 1 | 0 | _aOficio de difuntos |
| 264 | 1 | _aBogotá, Colombia : CĂrculo de Lectores S.A., 1976 | |
| 300 | _avolumen | ||
| 336 |
_atext _btxt _2rdacontent |
||
| 337 |
_aunmediated _bn _2rdamedia |
||
| 338 |
_avolume _bnc _2rdacarrier |
||
| 940 | _aidficha_siabuc: 2386. -- ficha_no_siabuc:2434 | ||
| 999 |
_c39514 _d39514 |
||